[Event "Litomysl 2008"]
[Site "?"]
[Date "2008.12.29"]
[Round "5.33"]
[White "Trojan, Lubos"]
[Black "Kranjec, Toni"]
[Result "1-0"]
[WhiteElo "2084"]
[BlackElo "2040"]
[PlyCount "61"]
[EventDate "2008.12.26"]

1. d4 d5 2. Nf3 Nf6 3. Bf4 Bf5 4. Nbd2 e6 5. e3 Be7 6. Be2 O-O 7. h3 Nbd7 8. c4
c6 9. O-O Ne4 10. Qb3 Qb6 11. c5 Qxb3 12. Nxb3 b5 13. Na5 Rfc8 14. a4 a6 15.
axb5 cxb5 16. Rfc1 f6 17. b4 g5 18. Bh2 g4 19. Nh4 h5 20. Nxf5 exf5 21. Bf4 Nd2
22. Bd3 Bd8 23. Rc2 Bxa5 24. Rxa5 Nc4 25. Ra1 Kf7 26. Bxf5 Ke7 27. hxg4 hxg4
28. Rca2 Rc6 29. Bxg4 Nf8 30. Bf3 Ke6 31. e4 1-0

[Event "Litomysl 2008"]
[Site "?"]
[Date "2008.12.29"]
[Round "5.39"]
[White "Prokopova, Jirina"]
[Black "Ruzicka, Milan"]
[Result "1-0"]
[WhiteElo "1694"]
[BlackElo "2074"]
[PlyCount "99"]
[EventDate "2008.12.26"]

1. e4 e6 2. d4 d5 3. Nd2 Nf6 4. e5 Nfd7 5. Bd3 c5 6. c3 b6 7. Ne2 Ba6 8. Bb1
Nc6 9. Nf3 Qc7 10. O-O Rc8 11. Be3 Be7 12. Re1 cxd4 13. cxd4 Bb4 14. Nc3 Na5
15. Bd2 Qc6 16. a3 Be7 17. Na2 Bc4 18. Nb4 Qc7 19. Bc2 Nc6 20. Ba4 Nxb4 21.
axb4 O-O 22. Rc1 Qd8 23. Re3 Ba6 24. Bc6 Nb8 25. Ba4 b5 26. Rxc8 Qxc8 27. Rc3
Qd7 28. Bc2 g6 29. Ra3 f5 30. exf6 Bxf6 31. Ne5 Qg7 32. Qg4 Re8 33. Bf4 Bc8 34.
Rh3 Nd7 35. Bh6 Nxe5 36. dxe5 Qf7 37. exf6 e5 38. Qh4 Bxh3 39. Qxh3 Qxf6 40.
Qd7 Qf7 41. Qxb5 Rd8 42. Bb3 Qd7 43. Qe2 Qd6 44. b5 Re8 45. Qd3 Rd8 46. Qf3 Qe6
47. Qe3 Rd7 48. Qc5 Rd8 49. Qxa7 Qf7 50. Bxd5 1-0

[Event "Litomysl 2008"]
[Site "?"]
[Date "2008.12.30"]
[Round "6.1"]
[White "Swicarz, Maciej"]
[Black "Vavra, Pavel"]
[Result "0-1"]
[WhiteElo "2303"]
[BlackElo "2299"]
[PlyCount "48"]
[EventDate "2008.12.26"]

1. e4 c5 2. Nc3 e6 3. f4 a6 4. d3 b5 5. Nf3 d5 6. Qe2 Be7 7. g4 Nc6 8. Nd1 dxe4
9. dxe4 e5 10. f5 Nd4 11. Nxd4 cxd4 12. Qf3 Bb7 13. Bd3 Bb4+ 14. Ke2 Be7 15.
Nf2 h5 16. Qg3 Qc7 17. gxh5 Nf6 18. Qxg7 Rg8 19. Qh6 Rg2 20. Rf1 Nxe4 21. f6
Nxf6 22. Bf5 e4 23. Qd2 Qc4+ 24. Ke1 Bb4 0-1

[Event "Litomysl 2008"]
[Site "?"]
[Date "2008.12.30"]
[Round "6.2"]
[White "Simacek, Pavel"]
[Black "Kanovsky, David"]
[Result "1/2-1/2"]
[WhiteElo "2477"]
[BlackElo "2431"]
[PlyCount "144"]
[EventDate "2008.12.26"]

1. d4 g6 2. e4 Bg7 3. c3 d6 4. Nf3 Nf6 5. Bd3 O-O 6. O-O Bg4 7. Nbd2 c6 8. h3
Bxf3 9. Nxf3 Nbd7 10. a4 Qc7 11. Re1 e5 12. a5 Rfe8 13. Qb3 d5 14. Nxe5 Nxe5
15. dxe5 Nxe4 16. Bxe4 dxe4 17. Ra4 Bxe5 18. Raxe4 Bh2+ 19. Kh1 Rxe4 20. Rxe4
Be5 21. a6 bxa6 22. Qa4 Rd8 23. Be3 h5 24. f4 Bf6 25. Qxa6 Rd1+ 26. Kh2 Qd7 27.
Qxa7 Qd3 28. Re8+ Kg7 29. Qc5 Qd6 30. Qxd6 Rxd6 31. Kg3 Rd1 32. Rb8 Rb1 33. Rb6
h4+ 34. Kf3 Rf1+ 35. Ke2 Rb1 36. Kd3 Rd1+ 37. Kc4 Re1 38. Bd4 Bxd4 39. Kxd4 Re2
40. b4 Rxg2 41. Rxc6 Rg3 42. Ra6 Rxh3 43. Ra2 Rf3 44. b5 Rxf4+ 45. Kc5 Rf5+ 46.
Kc6 Rf6+ 47. Kc5 Rf5+ 48. Kb4 Rf1 49. Rb2 g5 50. b6 Re1 51. c4 g4 52. b7 Re8
53. c5 h3 54. c6 g3 55. c7 h2 56. c8=Q h1=Q 57. Qxe8 Qxb7+ 58. Kc3 Qf3+ 59. Kd2
Qd5+ 60. Kc3 Qf3+ 61. Kd4 Qd1+ 62. Kc4 Qg4+ 63. Kb3 g2 64. Qe5+ Kg8 65. Qb8+
Kg7 66. Qe5+ Kg8 67. Rf2 g1=Q 68. Qe8+ Kh7 69. Qxf7+ Qg7 70. Qh5+ Qh6 71. Rf7+
Kg8 72. Qxh6 Kxf7 1/2-1/2

[Event "Litomysl 2008"]
[Site "?"]
[Date "2008.12.30"]
[Round "6.3"]
[White "Manik, Mikulas"]
[Black "Chojnacki, Krzysztof"]
[Result "1/2-1/2"]
[WhiteElo "2448"]
[BlackElo "2426"]
[PlyCount "39"]
[EventDate "2008.12.26"]

1. e4 e5 2. Nf3 Nc6 3. Bb5 a6 4. Ba4 Nf6 5. O-O Be7 6. d3 d6 7. c3 O-O 8. Re1
Nd7 9. d4 b5 10. Bb3 Na5 11. Bc2 c5 12. Nbd2 exd4 13. cxd4 Nc6 14. d5 Nce5 15.
Nf1 Nxf3+ 16. Qxf3 Ne5 17. Qd1 f5 18. exf5 Bxf5 19. Bxf5 Rxf5 20. Ng3 1/2-1/2

[Event "Litomysl 2008"]
[Site "?"]
[Date "2008.12.30"]
[Round "6.4"]
[White "Cerveny, Martin"]
[Black "Cernousek, Lukas"]
[Result "1/2-1/2"]
[WhiteElo "2320"]
[BlackElo "2435"]
[PlyCount "49"]
[EventDate "2008.12.26"]

1. d4 d5 2. Nf3 Nf6 3. c4 c6 4. e3 e6 5. Nbd2 c5 6. dxc5 Bxc5 7. a3 a5 8. Nb3
Bb6 9. cxd5 exd5 10. Nbd4 O-O 11. b3 Qe7 12. Bb2 Ne4 13. Bb5 Nc6 14. O-O Bd7
15. Qe2 Rac8 16. Rad1 Bg4 17. Bxc6 bxc6 18. Qa6 Bxd4 19. Rxd4 Bxf3 20. gxf3
Qg5+ 21. Kh1 Qh5 22. fxe4 Qf3+ 23. Kg1 Qg4+ 24. Kh1 Qf3+ 25. Kg1 1/2-1/2

[Event "Litomysl 2008"]
[Site "?"]
[Date "2008.12.30"]
[Round "6.6"]
[White "Bronowicki, Mateusz"]
[Black "Heberla, Bartlomiej"]
[Result "0-1"]
[WhiteElo "2366"]
[BlackElo "2485"]
[PlyCount "34"]
[EventDate "2008.12.26"]

1. d4 d6 2. e4 Nf6 3. Nc3 g6 4. Bc4 Bg7 5. Qe2 c6 6. a4 d5 7. exd5 cxd5 8. Bb5+
Nc6 9. Nf3 O-O 10. Nd1 a6 11. Bd3 Bg4 12. c3 e5 13. dxe5 Nxe5 14. Bf4 Bxf3 15.
gxf3 Nh5 16. Bxe5 Bxe5 17. Ne3 Nf4 0-1

[Event "Litomysl 2008"]
[Site "?"]
[Date "2008.12.30"]
[Round "6.7"]
[White "Stachowiak, Kamil"]
[Black "Petr, Martin"]
[Result "1/2-1/2"]
[WhiteElo "2351"]
[BlackElo "2452"]
[PlyCount "106"]
[EventDate "2008.12.26"]

1. d4 Nf6 2. Nf3 g6 3. g3 Bg7 4. Bg2 d5 5. O-O c6 6. c4 dxc4 7. a4 O-O 8. Na3
Be6 9. Qc2 Na6 10. Bd2 Bd5 11. Rfd1 Rc8 12. Be1 c5 13. dxc5 Qc7 14. Bc3 Be4 15.
Qc1 Qxc5 16. Bd4 Qb4 17. Nb5 Nd5 18. Bxg7 Kxg7 19. Rd4 Nf6 20. Nxa7 Rc5 21. Nb5
e5 22. Rd6 Rxb5 23. axb5 Qxd6 24. bxa6 bxa6 25. Qxc4 Bb7 26. Qb3 Rb8 27. Rd1
Bd5 28. Qc3 e4 29. Ng5 Qb4 30. Qc7 Rb7 31. Qd8 h6 32. Nh3 Qxb2 33. Nf4 Rd7 34.
Qa5 Bb7 35. Rxd7 Nxd7 36. Qc7 Qb5 37. h4 Qc6 38. Qa5 Nf6 39. Qe5 Bc8 40. Bf1
Qb5 41. Qc3 Bd7 42. e3 Qb7 43. Be2 Bb5 44. Bd1 Qc6 45. Qb2 a5 46. g4 Qc5 47.
Bb3 a4 48. Nd5 Qc6 49. g5 hxg5 50. hxg5 axb3 51. Nxf6 Kf8 52. Qa3+ Kg7 53. Qb2
Kf8 1/2-1/2

[Event "Litomysl 2008"]
[Site "?"]
[Date "2008.12.30"]
[Round "6.9"]
[White "Popcev, Milko Jordanov"]
[Black "Vrana, Jan"]
[Result "1-0"]
[WhiteElo "2426"]
[BlackElo "2219"]
[PlyCount "63"]
[EventDate "2008.12.26"]

1. Nc3 e5 2. Nf3 Nc6 3. d4 exd4 4. Nxd4 Nf6 5. Bg5 Be7 6. Nf5 O-O 7. Nxe7+ Qxe7
8. Nd5 Qe5 9. Bxf6 gxf6 10. c3 Ne7 11. Nxe7+ Qxe7 12. e3 d6 13. Qf3 Qe5 14.
O-O-O Be6 15. Rd4 d5 16. Bd3 Rfd8 17. Rh4 f5 18. Rh5 Rd6 19. Qg3+ Qxg3 20. hxg3
Kg7 21. Rxh7+ Kf6 22. R1h6+ Ke7 23. Rh5 Kf6 24. R7h6+ Ke7 25. Bxf5 Bxf5 26.
Rxd6 Kxd6 27. Rxf5 Ke6 28. Rh5 Rg8 29. Kd2 c6 30. Rh6+ Ke7 31. Ke2 Rd8 32. g4
1-0

[Event "Litomysl 2008"]
[Site "?"]
[Date "2008.12.30"]
[Round "6.10"]
[White "Luch, Michal"]
[Black "Bures, Jaroslav"]
[Result "1-0"]
[WhiteElo "2411"]
[BlackElo "2263"]
[PlyCount "55"]
[EventDate "2008.12.26"]

1. d4 d5 2. c4 c6 3. Nf3 Nf6 4. e3 Bf5 5. Nc3 e6 6. Nh4 Bg6 7. Qb3 Qc7 8. Nxg6
hxg6 9. g3 Ng4 10. Be2 Nh6 11. Bd2 Nd7 12. e4 dxe4 13. Nxe4 Nf5 14. Bc3 Be7 15.
Bf3 Nf6 16. O-O-O Nxe4 17. Bxe4 Bf6 18. Kb1 O-O-O 19. Qa4 Kb8 20. c5 Rd7 21.
Rd3 e5 22. Ba5 Qc8 23. Bb6 a6 24. d5 cxd5 25. Bxd5 Bd8 26. Be6 Rxd3 27. Bxc8
Kxc8 28. c6 1-0

[Event "Litomysl 2008"]
[Site "?"]
[Date "2008.12.30"]
[Round "6.12"]
[White "Biolek, Richard Jr"]
[Black "Svoboda, Vaclav"]
[Result "1-0"]
[WhiteElo "2406"]
[BlackElo "2277"]
[PlyCount "55"]
[EventDate "2008.12.26"]

1. e4 c5 2. Nf3 Nc6 3. d4 cxd4 4. Nxd4 Nf6 5. Nc3 d6 6. Bg5 Bd7 7. Bxf6 gxf6 8.
Nf5 Qa5 9. Bb5 a6 10. Bxc6 bxc6 11. Qd3 Rb8 12. O-O Rg8 13. b4 Rxb4 14. Rab1
Bxf5 15. Rxb4 Qxb4 16. exf5 Qg4 17. g3 Bh6 18. Qxa6 Kf8 19. Qxc6 Qxf5 20. Nd5
Qe5 21. a4 Kg7 22. a5 e6 23. Ne7 Rb8 24. a6 Qa5 25. Nc8 Qd8 26. Nxd6 Rb6 27.
Ne8+ Kh8 28. Qc7 1-0

[Event "Litomysl 2008"]
[Site "?"]
[Date "2008.12.30"]
[Round "6.13"]
[White "Kulhanek, Tomas"]
[Black "Valenta, Vit"]
[Result "1-0"]
[WhiteElo "2409"]
[BlackElo "2190"]
[PlyCount "85"]
[EventDate "2008.12.26"]

1. e4 e5 2. Nf3 Nc6 3. Bb5 a6 4. Ba4 Nf6 5. d3 d6 6. c3 Be7 7. O-O O-O 8. Re1
b5 9. Bc2 Re8 10. Nbd2 Bf8 11. Nf1 Ne7 12. d4 Ng6 13. h3 c5 14. dxc5 dxc5 15.
Bg5 Qb6 16. a4 Bb7 17. Nh4 Ne7 18. Qf3 Nd7 19. Red1 Qe6 20. Qg3 c4 21. Be3 Ng6
22. Nf5 Nc5 23. Qg4 Red8 24. N1g3 Bc6 25. axb5 axb5 26. Rxa8 Rxa8 27. h4 Nd7
28. h5 Nf6 29. Qf3 Nf4 30. Bxf4 exf4 31. Qxf4 Bb7 32. Nd4 Qb6 33. e5 Nd5 34.
Qg4 Qh6 35. Be4 Qb6 36. Ndf5 Qe6 37. Qf3 Rd8 38. Nd6 Bxd6 39. exd6 Rxd6 40. Nf5
Rd7 41. Bxd5 Bxd5 42. Rxd5 Qe1+ 43. Kh2 1-0

[Event "Litomysl 2008"]
[Site "?"]
[Date "2008.12.30"]
[Round "6.15"]
[White "Jedlicka, Ales"]
[Black "Chlost, Marlena"]
[Result "1-0"]
[WhiteElo "2287"]
[BlackElo "2137"]
[PlyCount "111"]
[EventDate "2008.12.26"]

1. c4 e6 2. g3 Nf6 3. Bg2 d5 4. Nf3 c6 5. O-O Nbd7 6. Qc2 Bd6 7. d4 O-O 8. Nbd2
Re8 9. b3 e5 10. cxd5 cxd5 11. dxe5 Nxe5 12. Bb2 Nc6 13. e3 Bg4 14. Rac1 Bh5
15. Qb1 Bg6 16. Qa1 Nb4 17. Ne1 Qa5 18. a3 Nc6 19. b4 Qa4 20. Bxf6 gxf6 21.
Bxd5 Be5 22. Qa2 Red8 23. Nef3 Rxd5 24. Qxd5 Rd8 25. Qb3 Qxb3 26. Nxb3 Bb2 27.
Nbd4 Nxd4 28. Nxd4 Bxa3 29. Rc7 Bxb4 30. Rxb7 Bc5 31. Nc6 Ra8 32. Rc1 Ba3 33.
Ra1 Bc5 34. Ra5 Bf8 35. Rb8 Rxb8 36. Nxb8 Kg7 37. Nd7 Be7 38. Rxa7 Bd6 39. f3
Bf5 40. Kg2 Be6 41. e4 Bc4 42. Nb6 Be6 43. Nd5 f5 44. Nf4 Bxf4 45. gxf4 Bc4 46.
Kf2 Be6 47. Ke3 Bb3 48. Kd4 Be6 49. Ke5 Bc8 50. exf5 h5 51. h4 Kh6 52. Kf6 Bxf5
53. Kxf5 f6 54. Ke6 f5 55. Kf7 Kh7 56. Ra6 1-0

[Event "Litomysl 2008"]
[Site "?"]
[Date "2008.12.30"]
[Round "6.16"]
[White "Bujnoch, Radek"]
[Black "Sochor, Stanislav"]
[Result "1-0"]
[WhiteElo "2233"]
[BlackElo "2117"]
[PlyCount "75"]
[EventDate "2008.12.26"]

1. e4 e6 2. d4 d5 3. Nd2 dxe4 4. Nxe4 Nd7 5. Bd3 Ngf6 6. c3 c5 7. Nf3 Be7 8.
O-O Nxe4 9. Bxe4 Nf6 10. Bc2 O-O 11. Qd3 cxd4 12. Nxd4 g6 13. Bh6 Re8 14. Rad1
Ng4 15. Bc1 Qc7 16. Qg3 e5 17. Nb5 Qb6 18. c4 f5 19. h3 a6 20. hxg4 f4 21. Qc3
axb5 22. Qxe5 Bxg4 23. c5 Qf6 24. Qxf6 Bxf6 25. Rd6 Ra6 26. Bxf4 Bxb2 27. Rb1
Be5 28. Rxa6 Bxf4 29. Rb6 Be2 30. Rxb7 Re5 31. Bb3+ Kh8 32. c6 Rh5 33. g4 Bxg4
34. Re1 Be5 35. f4 Bd4+ 36. Kg2 Bh3+ 37. Kg3 Bc8 38. Re8# 1-0

[Event "Litomysl 2008"]
[Site "?"]
[Date "2008.12.30"]
[Round "6.17"]
[White "Lorenc, Oldrich"]
[Black "Zvarik, Martin"]
[Result "1/2-1/2"]
[WhiteElo "2106"]
[BlackElo "2228"]
[PlyCount "51"]
[EventDate "2008.12.26"]

1. c4 Nf6 2. Nc3 e5 3. g3 Bc5 4. Bg2 O-O 5. e3 c6 6. Nge2 d5 7. d4 exd4 8. exd4
Bb4 9. O-O dxc4 10. Qc2 Nbd7 11. a4 Nb6 12. Bg5 h6 13. Bxf6 Qxf6 14. a5 Nd7 15.
Ne4 Qd8 16. Qa4 Qe7 17. Rac1 b5 18. axb6 Nxb6 19. Qxc6 Bb7 20. Qxb7 Qxb7 21.
Nf6+ gxf6 22. Bxb7 Rab8 23. Bf3 Rfc8 24. Ra1 a5 25. Rfd1 Rd8 26. Kf1 1/2-1/2

[Event "Litomysl 2008"]
[Site "?"]
[Date "2008.12.30"]
[Round "6.18"]
[White "Volodin, Viktor"]
[Black "Krupa, Krzysztof"]
[Result "1-0"]
[WhiteElo "2225"]
[BlackElo "2106"]
[PlyCount "89"]
[EventDate "2008.12.26"]

1. Nf3 Nf6 2. c4 g6 3. d4 Bg7 4. g3 O-O 5. Bg2 d6 6. O-O Nbd7 7. Nc3 e5 8. h3
c6 9. e4 Qb6 10. Re1 exd4 11. Nxd4 Ne8 12. Nb3 a5 13. Be3 Qc7 14. Nd4 Nc5 15.
Qc2 Nf6 16. b3 Re8 17. Rad1 Nfd7 18. Kh2 h5 19. Nf3 Ne5 20. Nxe5 Bxe5 21. f4
Bg7 22. e5 Bf5 23. Qe2 Bf8 24. Bxc5 dxc5 25. g4 hxg4 26. hxg4 Be6 27. Ne4 Bg7
28. g5 Bf5 29. Nf6+ Kf8 30. Nxe8 Rxe8 31. Qd2 Kg8 32. Kg3 Qc8 33. Bf3 a4 34.
Re2 axb3 35. axb3 Be6 36. Qa5 b5 37. Red2 Bf8 38. Qb6 bxc4 39. Rd8 cxb3 40.
Rxc8 Rxc8 41. Bg4 Bxg4 42. Kxg4 c4 43. Qb7 Re8 44. Qxc6 Rb8 45. Qxc4 1-0

[Event "Litomysl 2008"]
[Site "?"]
[Date "2008.12.30"]
[Round "6.19"]
[White "Konstacky, Matej"]
[Black "Blecha, Miroslav"]
[Result "1-0"]
[WhiteElo "2133"]
[BlackElo "2219"]
[PlyCount "153"]
[EventDate "2008.12.26"]

1. e4 c5 2. g3 g6 3. Bg2 Bg7 4. Ne2 Nc6 5. c3 e5 6. O-O d6 7. d3 Be6 8. f4 Qd7
9. Be3 Nf6 10. Kh1 Bh3 11. Nd2 Bxg2+ 12. Kxg2 h5 13. Nf3 O-O-O 14. h3 exf4 15.
gxf4 Rde8 16. Rb1 Qe7 17. Bf2 c4 18. Ned4 cxd3 19. Nxc6 bxc6 20. Qxd3 Nxe4 21.
Bd4 Bxd4 22. Nxd4 c5 23. Nc6 Qc7 24. Qa6+ Qb7 25. Nxa7+ Kb8 26. Qxb7+ Kxb7 27.
Nb5 Kc6 28. a4 Nd2 29. Rbd1 Nc4 30. Kg1 d5 31. Rf2 Re3 32. h4 Rhe8 33. b3 Re1+
34. Rxe1 Rxe1+ 35. Kh2 Ne3 36. Rf3 Nf5 37. Rd3 Rf1 38. Na7+ Kb6 39. Nb5 Rxf4
40. Rxd5 Rxh4+ 41. Kg1 Rg4+ 42. Kh2 Re4 43. Rd8 Re7 44. Rb8+ Rb7 45. Rd8 h4 46.
Kh3 Kc6 47. Rc8+ Kb6 48. Rd8 Re7 49. Rb8+ Kc6 50. Rc8+ Kd5 51. c4+ Ke4 52. Rxc5
Kf4 53. Rd5 Re3+ 54. Kh2 Kg4 55. Rd2 Rh3+ 56. Kg1 Rxb3 57. a5 h3 58. Kh2 Nh4
59. Nd4 Ra3 60. Re2 f5 61. c5 Rxa5 62. c6 Rd5 63. Rd2 Rc5 64. Rc2 Nf3+ 65. Kh1
Nxd4 66. Rxc5 Nxc6 67. Rxc6 g5 68. Kh2 f4 69. Rc3 Kf5 70. Kxh3 g4+ 71. Kg2 Ke4
72. Kf2 Kd4 73. Ra3 Ke4 74. Ra4+ Kf5 75. Ra8 Ke4 76. Rg8 Kf5 77. Rg7 1-0

[Event "Litomysl 2008"]
[Site "?"]
[Date "2008.12.30"]
[Round "6.20"]
[White "Prachar, Josef"]
[Black "Fuchs, Georg"]
[Result "0-1"]
[WhiteElo "1905"]
[BlackElo "2210"]
[PlyCount "48"]
[EventDate "2008.12.26"]

1. d4 e6 2. c4 Bb4+ 3. Bd2 Qe7 4. a3 Bxd2+ 5. Qxd2 Nf6 6. Nc3 d5 7. e3 O-O 8.
Nf3 b6 9. cxd5 exd5 10. Bd3 c5 11. dxc5 bxc5 12. Nxd5 Nxd5 13. Bxh7+ Kxh7 14.
Qxd5 Bb7 15. Qh5+ Kg8 16. Ng5 Be4 17. Nxe4 Qxe4 18. O-O Nd7 19. Rac1 Rac8 20.
Rfd1 Ne5 21. Qe2 Rfd8 22. f3 Rxd1+ 23. Rxd1 Qc4 24. Qd2 Qb3 0-1

[Event "Litomysl 2008"]
[Site "?"]
[Date "2008.12.30"]
[Round "6.21"]
[White "Andonov, Bogomil"]
[Black "Trhal, Tomas"]
[Result "1-0"]
[WhiteElo "2328"]
[BlackElo "2091"]
[PlyCount "73"]
[EventDate "2008.12.26"]

1. Nf3 Nf6 2. c4 c6 3. d4 d5 4. cxd5 cxd5 5. Nc3 Nc6 6. Bf4 Bf5 7. e3 a6 8. Rc1
e6 9. Be2 Bd6 10. Bxd6 Qxd6 11. O-O h6 12. Na4 O-O 13. Nc5 Rab8 14. Nd2 Rfc8
15. a3 e5 16. Ndb3 exd4 17. Nxd4 Nxd4 18. Qxd4 Ne4 19. Nb3 Nf6 20. Nc5 Ne4 21.
Nxe4 Bxe4 22. f3 Bf5 23. e4 Be6 24. Bc4 Qf4 25. g3 Qc7 26. exd5 Bh3 27. d6 Qd7
28. Rfe1 Be6 29. Bxe6 fxe6 30. Qe5 Rxc1 31. Rxc1 Rc8 32. Rc7 Rxc7 33. dxc7 Kf7
34. Kg2 g5 35. Kh3 Kg6 36. Qc3 Qd1 37. Qc4 1-0

[Event "Litomysl 2008"]
[Site "?"]
[Date "2008.12.30"]
[Round "6.29"]
[White "Kastner, Oldrich"]
[Black "Kranjec, Primoz"]
[Result "0-1"]
[WhiteElo "2145"]
[BlackElo "1917"]
[PlyCount "102"]
[EventDate "2008.12.26"]

1. e4 c5 2. Nf3 d6 3. d4 cxd4 4. Nxd4 Nf6 5. Nc3 a6 6. Bg5 e6 7. Qe2 Be7 8.
O-O-O Nxe4 9. Qxe4 Bxg5+ 10. f4 Be7 11. f5 e5 12. Nf3 Nd7 13. g4 Rb8 14. Rg1 h6
15. Bc4 b5 16. Bb3 Bb7 17. Qe2 Qb6 18. h4 Nc5 19. Bd5 b4 20. Ne4 Bxd5 21. Rxd5
Nxe4 22. Qxe4 Bxh4 23. Rh1 Be7 24. g5 f6 25. g6 Rc8 26. Rhd1 b3 27. Qa4+ Rc6
28. axb3 O-O 29. Nd2 Rfc8 30. Nc4 Qf2 31. Ra5 Qxf5 32. Rxa6 Rxa6 33. Qxa6 Rd8
34. Qb7 Qe6 35. Qd5 Qxd5 36. Rxd5 Kf8 37. b4 Ke8 38. Kd2 Rb8 39. b5 Kd7 40. Na5
Bd8 41. Nc6 Ra8 42. c4 Bb6 43. b4 Ke6 44. Kc3 f5 45. Rd1 f4 46. Rc1 f3 47. Kd2
Ra2+ 48. Ke1 Be3 49. Nd8+ Kd7 50. Rb1 Rh2 51. Kd1 Rh1+ 0-1

[Event "Litomysl 2008"]
[Site "?"]
[Date "2008.12.30"]
[Round "6.30"]
[White "Gruber, Michael"]
[Black "Sandor, Lukas"]
[Result "1/2-1/2"]
[WhiteElo "2113"]
[BlackElo "1869"]
[PlyCount "61"]
[EventDate "2008.12.26"]

1. e4 e5 2. f4 exf4 3. Bc4 Nc6 4. Nc3 Qh4+ 5. Kf1 Bc5 6. Qe1 Qxe1+ 7. Kxe1 Nd4
8. Nd5 Nxc2+ 9. Kd1 Nxa1 10. Nxc7+ Kd8 11. Nxa8 d5 12. exd5 Bxg1 13. Rxg1 Bg4+
14. Be2 Bxe2+ 15. Kxe2 Kd7 16. d6 Kxd6 17. d3 g5 18. Bd2 Nh6 19. Rxa1 Rxa8 20.
h4 f6 21. hxg5 fxg5 22. Rh1 Re8+ 23. Kf3 Re6 24. g3 fxg3 25. Bxg5 Nf5 26. Bf4+
Kc6 27. Rxh7 Nd4+ 28. Kxg3 Ne2+ 29. Kf3 Nxf4 30. Kxf4 Re2 31. Rh5 1/2-1/2

[Event "Litomysl 2008"]
[Site "?"]
[Date "2008.12.30"]
[Round "6.31"]
[White "Bartosova, Lucie"]
[Black "Olsarova, Tereza"]
[Result "0-1"]
[WhiteElo "1884"]
[BlackElo "2108"]
[PlyCount "62"]
[EventDate "2008.12.26"]

1. e4 e5 2. Nf3 Nc6 3. Bc4 Nf6 4. d4 exd4 5. O-O Nxe4 6. Re1 d5 7. Bxd5 Qxd5 8.
Nc3 Qa5 9. Rxe4+ Be6 10. Nxd4 O-O-O 11. Nce2 Bf5 12. Bd2 Qd5 13. Nc3 Qd7 14.
Nxf5 Qxf5 15. Rf4 Qg6 16. Ne4 f5 17. Ng3 Qd6 18. Nf1 g6 19. Rf3 Ne5 20. Rh3 g5
21. Qh5 Be7 22. Bxg5 Bxg5 23. Qxg5 Rdf8 24. Qe3 Kb8 25. Rh6 Qd5 26. Qh3 Rhg8
27. Ne3 Qe4 28. Kh1 f4 29. Nf1 Ng4 30. Qh4 Nxh6 31. f3 Qxc2 0-1

[Event "Litomysl 2008"]
[Site "?"]
[Date "2008.12.30"]
[Round "6.34"]
[White "Nytra, Matej"]
[Black "Krokay, Urszula"]
[Result "1-0"]
[WhiteElo "1797"]
[BlackElo "2024"]
[PlyCount "53"]
[EventDate "2008.12.26"]

1. e4 e5 2. Nf3 Nc6 3. Bb5 a6 4. Ba4 Nf6 5. O-O Be7 6. Re1 b5 7. Bb3 O-O 8. a4
b4 9. c3 a5 10. d4 d6 11. h3 h6 12. Nh2 Rb8 13. f4 bxc3 14. bxc3 exd4 15. cxd4
d5 16. e5 Ne4 17. Bc2 Bb4 18. Re3 Be7 19. Nc3 Nxc3 20. Rxc3 Nb4 21. Bb1 c5 22.
f5 cxd4 23. Qxd4 Qb6 24. Qxb6 Rxb6 25. f6 gxf6 26. Bxh6 f5 27. Bxf8 1-0

[Event "Litomysl 2008"]
[Site "?"]
[Date "2008.12.30"]
[Round "6.36"]
[White "Vlcek, Marek"]
[Black "Aron, Oto"]
[Result "1-0"]
[WhiteElo "1994"]
[BlackElo "1766"]
[PlyCount "41"]
[EventDate "2008.12.26"]

1. Nf3 g6 2. c4 Bg7 3. Nc3 d6 4. g3 Nf6 5. Bg2 Be6 6. d3 c6 7. Qc2 d5 8. Ng5
O-O 9. Nxe6 fxe6 10. O-O Qb6 11. Na4 Qc7 12. Nc5 Qd6 13. d4 b6 14. Bf4 bxc5 15.
Bxd6 exd6 16. dxc5 dxc5 17. cxd5 cxd5 18. Qxc5 Nbd7 19. Qc6 Rfe8 20. Bh3 Kf7
21. Bxe6+ 1-0

[Event "Litomysl 2008"]
[Site "?"]
[Date "2008.12.31"]
[Round "7.2"]
[White "Heberla, Bartlomiej"]
[Black "Luch, Michal"]
[Result "1-0"]
[WhiteElo "2485"]
[BlackElo "2411"]
[PlyCount "121"]
[EventDate "2008.12.26"]

1. e4 e5 2. Nf3 Nf6 3. Nxe5 d6 4. Nf3 Nxe4 5. d3 Nf6 6. d4 d5 7. c4 Be7 8. Nc3
c6 9. h3 O-O 10. Bd3 dxc4 11. Bxc4 Nbd7 12. O-O Nb6 13. Bb3 h6 14. Qd3 Nbd5 15.
Nxd5 Nxd5 16. Re1 Bd6 17. Bc2 f5 18. Bb3 Qf6 19. Bxd5+ cxd5 20. Qb3 Qf7 21. Bd2
a5 22. Ne5 Bxe5 23. Rxe5 Be6 24. Rae1 Ra6 25. f4 a4 26. Qe3 Re8 27. Bb4 Rc6 28.
Kh2 g6 29. Re2 Kg7 30. Qg3 Ra8 31. Qe1 Raa6 32. Bc5 Qd7 33. g4 Qf7 34. gxf5
gxf5 35. R5e3 Qf6 36. Rg2+ Kh7 37. Qg3 Ra8 38. Be7 Qf7 39. Qh4 Rg8 40. Rxg8
Qxg8 41. Rg3 Rc2+ 42. Kg1 Rc1+ 43. Kg2 Qc8 44. Bc5 Rc2+ 45. Kg1 Rc1+ 46. Kg2
Rc2+ 47. Kg1 Rc1+ 48. Kf2 Qc7 49. Rc3 Rxc3 50. bxc3 b6 51. Bf8 Qf7 52. Qxh6+
Kg8 53. Bd6 b5 54. Be5 Qd7 55. Qh8+ Kf7 56. Qf6+ Ke8 57. Qh8+ Ke7 58. Kg3 Qc6
59. Bf6+ Kd6 60. Qb8+ Qc7 61. Be5+ 1-0

[Event "Litomysl 2008"]
[Site "?"]
[Date "2008.12.31"]
[Round "7.3"]
[White "Chojnacki, Krzysztof"]
[Black "Simacek, Pavel"]
[Result "1/2-1/2"]
[WhiteElo "2426"]
[BlackElo "2477"]
[PlyCount "30"]
[EventDate "2008.12.26"]

1. e4 e5 2. Nf3 Nc6 3. Bb5 a6 4. Ba4 Nf6 5. O-O Nxe4 6. d4 b5 7. Bb3 d5 8. dxe5
Be6 9. Be3 Bc5 10. Qe2 Qe7 11. Rd1 Rd8 12. Nbd2 Bxe3 13. Qxe3 Qc5 14. Qe2 Nxd2
15. Rxd2 O-O 1/2-1/2

[Event "Litomysl 2008"]
[Site "?"]
[Date "2008.12.31"]
[Round "7.4"]
[White "Plat, Vojtech"]
[Black "Strebkovs, Andrejs"]
[Result "1-0"]
[WhiteElo "2411"]
[BlackElo "2441"]
[PlyCount "63"]
[EventDate "2008.12.26"]

1. e4 e6 2. d4 d5 3. Nd2 c5 4. exd5 Qxd5 5. Ngf3 cxd4 6. Bc4 Qd6 7. O-O Nf6 8.
Nb3 Nc6 9. Nbxd4 Nxd4 10. Nxd4 a6 11. Be2 Qc7 12. Bf3 Bd6 13. g3 e5 14. Nb3 Bf5
15. Bxb7 Bxc2 16. Qe2 Qxb7 17. Qxc2 O-O 18. Na5 Qf3 19. Nc4 Bc7 20. Bg5 Ne4 21.
Be3 h5 22. Qd1 Qf5 23. Rc1 Rfd8 24. Qe2 Rd7 25. Rfd1 Rxd1+ 26. Rxd1 Rd8 27.
Rxd8+ Bxd8 28. Qd3 Bf6 29. Nd2 Nxg3 30. Qxa6 Bg5 31. hxg3 Bxe3 32. fxe3 1-0

[Event "Litomysl 2008"]
[Site "?"]
[Date "2008.12.31"]
[Round "7.5"]
[White "Cernousek, Lukas"]
[Black "Swicarz, Maciej"]
[Result "1-0"]
[WhiteElo "2435"]
[BlackElo "2303"]
[PlyCount "57"]
[EventDate "2008.12.26"]

1. e4 e5 2. Nf3 Nf6 3. Nxe5 d6 4. Nf3 Nxe4 5. Nc3 Nf6 6. d4 d5 7. h3 Bf5 8. Ne5
h6 9. Qe2 Qe7 10. g4 Be4 11. f3 Bh7 12. Bf4 g5 13. Bg3 Bg7 14. O-O-O c6 15. Re1
O-O 16. h4 Qd8 17. hxg5 hxg5 18. Qd2 Nfd7 19. Qh2 Nf6 20. f4 gxf4 21. Bxf4 Bg6
22. Bd3 Re8 23. g5 Rxe5 24. Bxe5 Nh5 25. Bxg7 Kxg7 26. Qe5+ Kg8 27. Bxg6 fxg6
28. Rxh5 gxh5 29. Qe6+ 1-0

[Event "Litomysl 2008"]
[Site "?"]
[Date "2008.12.31"]
[Round "7.6"]
[White "Kanovsky, David"]
[Black "Cerveny, Martin"]
[Result "1/2-1/2"]
[WhiteElo "2431"]
[BlackElo "2320"]
[PlyCount "107"]
[EventDate "2008.12.26"]

1. e4 c5 2. Nf3 d6 3. d4 cxd4 4. Nxd4 Nf6 5. Nc3 a6 6. Bg5 e6 7. f4 Qc7 8. Bxf6
gxf6 9. Qd2 Nc6 10. O-O-O Bd7 11. Be2 h5 12. Kb1 O-O-O 13. Nb3 Be7 14. h4 Kb8
15. Bf3 Bc8 16. Qe2 Rh7 17. a3 Rg8 18. Rd3 f5 19. exf5 d5 20. fxe6 fxe6 21. f5
Ne5 22. fxe6 Nxd3 23. Qxd3 Rhg7 24. Nxd5 Qe5 25. Nd4 Rd8 26. Qc4 Bf6 27. c3
Bxe6 28. Nxe6 Qxe6 29. Rd1 Rgd7 30. a4 Qf5+ 31. Ka2 Bxh4 32. Qxh4 Rxd5 33.
Qxd8+ Rxd8 34. Rxd8+ Kc7 35. Rd5 Qe6 36. Ka3 h4 37. Rh5 Qe7+ 38. b4 b6 39. a5
b5 40. Kb3 Qe1 41. Kc2 Qf2+ 42. Kd3 Qf1+ 43. Ke3 Qe1+ 44. Kf4 Qg3+ 45. Kf5 Qg7
46. Rxh4 Qf7+ 47. Kg4 Qe6+ 48. Kg3 Qe1+ 49. Kh3 Qe6+ 50. Rg4 Qh6+ 51. Kg3 Qd6+
52. Rf4 Qe5 53. Kg4 Qxc3 54. Re4 1/2-1/2